| 000 | 03254nam a22004211 4500 | ||
|---|---|---|---|
| 005 | 20050808122104.0 | ||
| 008 | 721219s1962 nyu 000 0 eng | ||
| 010 | _aB-341294-305 | ||
| 020 |
_a9781905654406 _c299.00 |
||
| 020 |
_a9781905654406 _c299.00 |
||
| 035 | _aB-341294-305 | ||
| 035 | _aB-368627 | ||
| 037 | _bSuper Books | ||
| 037 | _bPansy Books | ||
| 040 |
_adpl _bEnglish |
||
| 082 | _aN | ||
| 100 | _aMeyer, Stephenie | ||
| 245 |
_aTwilight / _cby Stephenie Meyer |
||
| 260 |
_aLondon _bAtom _c2008 |
||
| 270 |
_a100 Victoria Embankment _bLondon _eEC4Y ODY |
||
| 300 |
_a434p _c18cm (pbk) |
||
| 942 |
_2ddc _cEN _hN _mMEY |
||
| 999 |
_c23897 _d23897 |
||